Acharya Tulsi: prophet of world peace and non- violence (Record no. 67135)
[ view plain ]
| 000 -LEADER | |
|---|---|
| fixed length control field | 00468nam a2200157 4500 |
| 020 ## - INTERNATIONAL STANDARD BOOK NUMBER | |
| International Standard Book Number | 81 7594 1359 |
| 082 ## - DEWEY DECIMAL CLASSIFICATION NUMBER | |
| Classification number | 294.4630924 |
| Item number | SHA |
| 100 ## - MAIN ENTRY--PERSONAL NAME | |
| Personal name | Sharma, S. |
| 245 ## - TITLE STATEMENT | |
| Title | Acharya Tulsi: prophet of world peace and non- violence |
| Statement of responsibility, etc. | by Sitaram Sharma |
| 260 ## - PUBLICATION, DISTRIBUTION, ETC. | |
| Place of publication, distribution, etc. | India |
| Name of publisher, distributor, etc. | Mangal Deep Publication |
| Date of publication, distribution, etc. | 2004 |
| 300 ## - PHYSICAL DESCRIPTION | |
| Extent | vi,269p.; 23cm. |
| 650 ## - SUBJECT ADDED ENTRY--TOPICAL TERM | |
| Topical term or geographic name entry element | Acharya tulsi--Biography |
| 650 ## - SUBJECT ADDED ENTRY--TOPICAL TERM | |
| Topical term or geographic name entry element | Jainism |
| 650 ## - SUBJECT ADDED ENTRY--TOPICAL TERM | |
| Topical term or geographic name entry element | Jain priests--Biography |
| 650 ## - SUBJECT ADDED ENTRY--TOPICAL TERM | |
| Topical term or geographic name entry element | Jain saints--Biography |
| Withdrawn status | Lost status | Damaged status | Not for loan | Collection code | Home library | Current library | Date acquired | Total Checkouts | Full call number | Barcode | Date last seen | Price effective from | Koha item type |
|---|---|---|---|---|---|---|---|---|---|---|---|---|---|
| North Eastern Hill University | North Eastern Hill University | 25/11/2011 | 294.4630924 SHA | 177333 | 25/11/2011 | 25/11/2011 | Books |
